| 000 | 00798nam a22002057a 4500 | ||
|---|---|---|---|
| 999 |
_c11300 _d11300 |
||
| 003 | AR-CdUCM | ||
| 008 | 190403b ||||| |||| 00| 0 spa d | ||
| 040 |
_aMUNICIPALIDAD PROVINCIAL DEL CUSCO _cBIBLIOTECA MUNICIPAL DEL CUSCO |
||
| 082 |
_23 ed. _a869.56 / _bG21 / 1942 |
||
| 100 |
_aGarcía Lorca, Federico _96798 |
||
| 245 |
_aBodas de sangre : _bAmor de don Perlimplin con Belisa en su jardín retabillo de don Cristóbal / |
||
| 260 |
_aBuenos Aires : _bLosada, _c1942. |
||
| 300 |
_a214 páginas : _c20 cm. |
||
| 505 | _aContenido : Federico Garcia Lorca síntesis de su vida y de su obra, por Guillermo de Torre -- Advertencia -- Bodas de Sangre ... | ||
| 650 |
_aBiografía _922 |
||
| 650 |
_aLiteratura _9416 |
||
| 650 |
_aLatinoamericana _95799 |
||
| 942 |
_2ddc _cLIBROS |
||
| 945 | _arah | ||